[Event "Oberliga Nord W 2122"]
[Site "Germany"]
[Date "2022.05.29"]
[Round "6.8"]
[White "Schmidt, Benjamin"]
[Black "Suendorf, Dominik"]
[Result "1/2-1/2"]
[WhiteElo "1881"]
[BlackElo "1800"]
[PlyCount "80"]
[EventDate "2021.10.10"]
[EventType "team-tourn"]
[EventRounds "9"]
[EventCountry "GER"]
[SourceTitle "EXT 2024"]
[Source "ChessBase"]
[SourceDate "2023.10.10"]
[SourceVersion "1"]
[SourceVersionDate "2023.10.10"]
[SourceQuality "1"]
[WhiteTeam "Hannover"]
[BlackTeam "Hellern"]
[WhiteTeamCountry "GER"]
[BlackTeamCountry "GER"]

1. d4 Nf6 2. c4 c5 3. d5 b5 4. cxb5 a6 5. bxa6 Bxa6 6. Nc3 g6 7. e4 Bxf1 8. Kxf1 d6 9. Nf3 Bg7 10. g3 0-0 11. Kg2 Nbd7 12. a4 Qb6 13. Qe2 Rfb8 14. Nb5 Ne8 15. Ra3 Nc7 16. Nxc7 Qxc7 17. b3 Bc3 18. Bb2 Qa5 19. Rc1 Bxb2 20. Qxb2 Qb4 21. Nd2 Rxa4 22. Rxa4 Qxa4 23. bxa4 Rxb2 24. Nc4 Rb4 25. a5 Ra4 26. f4 f6 27. h4 Kf7 28. g4 Ke8 29. g5 Kd8 30. Kg3 Kc7 31. h5 gxh5 32. Kh4 Ra2 33. Kxh5 Rh2+ 34. Kg4 fxg5 35. fxg5 Rf2 36. Kg3 Ra2 37. Kf4 Rf2+ 38. Kg3 Re2 39. Kf3 Ra2 40. Kf4 Rf2+ 1/2-1/2

[Event "Karl Mala Memorial op 14th"]
[Site "Frankfurt"]
[Date "2011.07.07"]
[Round "1"]
[White "Suendorf, Dominik"]
[Black "Petkidis, Anthony"]
[Result "0-1"]
[WhiteElo "1758"]
[BlackElo "2179"]
[PlyCount "76"]
[EventDate "2011.07.07"]
[EventType "swiss"]
[EventRounds "7"]
[EventCountry "GER"]
[SourceTitle "EXT 2012"]
[Source "ChessBase"]
[SourceDate "2011.11.24"]
[SourceVersion "1"]
[SourceVersionDate "2011.11.24"]
[SourceQuality "1"]

1. e4 c5 2. Nf3 Nc6 3. d4 cxd4 4. Nxd4 Nf6 5. Nc3 d6 6. Be3 Ng4 7. Bg5 h6 8. Bh4 g5 9. Bg3 Bg7 10. Bb5 Qb6 11. Nf5 Bxc3+ 12. bxc3 Bxf5 13. exf5 Qxb5 14. Qxg4 h5 15. Qe4 h4 16. Bxd6 0-0-0 17. Bb4 h3 18. g3 Qd5 19. Qxd5 Rxd5 20. Ke2 Re5+ 21. Kd3 Rd8+ 22. Kc4 b5+ 23. Kb3 a5 24. Ba3 a4+ 25. Kb2 Na5 26. Rae1 Nc4+ 27. Kc1 Rxe1+ 28. Rxe1 Nxa3 29. Rxe7 Rd7 30. Re5 Rd6 31. Re7 f6 32. Rh7 Nc4 33. Rxh3 Rd2 34. Rh8+ Kd7 35. h4 Rxf2 36. Kd1 gxh4 37. g4 Ne3+ 38. Ke1 Rxc2 0-1

[Event "Niedersachsen-ch op"]
[Site "Verden"]
[Date "2009.01.06"]
[Round "7"]
[White "Suendorf, Dominik"]
[Black "Vogel, Julian"]
[Result "1-0"]
[WhiteElo "1702"]
[BlackElo "1328"]
[PlyCount "67"]
[EventDate "2009.01.03"]
[EventType "swiss"]
[EventRounds "7"]
[EventCountry "GER"]
[SourceTitle "EXT 2012"]
[Source "ChessBase"]
[SourceDate "2011.11.24"]
[SourceVersion "1"]
[SourceVersionDate "2011.11.24"]
[SourceQuality "1"]

1. e4 c5 2. Nf3 Nc6 3. d4 cxd4 4. Nxd4 e6 5. c4 Qb6 6. Nxc6 bxc6 7. Qc2 g6 8. Nc3 Bg7 9. Be3 Qa5 10. Bd2 Qc7 11. Be2 Nf6 12. 0-0 Rb8 13. Kh1 0-0 14. b3 Bb7 15. Rad1 d5 16. Be3 a6 17. f4 Qa5 18. e5 Nd7 19. h4 f6 20. exf6 Bxf6 21. Bd2 Qb6 22. h5 Kg7 23. Rf3 Rh8 24. Rg3 Nf8 25. f5 exf5 26. Qxf5 Bc8 27. Bh6+ Kf7 28. Qf3 Be6 29. cxd5 cxd5 30. Nxd5 Bxd5 31. Rxd5 Re8 32. Be3 Qe6 33. Bc4 Kg7 34. h6+ 1-0

[Event "Niedersachsen-ch"]
[Site "Verden"]
[Date "2006.01.07"]
[Round "6"]
[White "Suendorf, Dominik"]
[Black "Hartogh, Tim"]
[Result "0-1"]
[WhiteElo "977"]
[BlackElo "998"]
[PlyCount "43"]
[EventDate "2006.01.??"]
[EventType "swiss"]
[EventRounds "7"]
[EventCountry "GER"]
[SourceTitle "CBM 110 Extra"]
[Source "ChessBase"]
[SourceDate "2006.03.10"]
[SourceVersion "2"]
[SourceVersionDate "2006.03.10"]
[SourceQuality "1"]

1. e4 d5 2. exd5 Qxd5 3. Nc3 Qa5 4. d4 Nf6 5. Bc4 Bg4 6. f3 Bh5 7. Nge2 e6 8. Bd2 c6 9. Ng3 Bg6 10. Nge4 Nbd7 11. Qe2 Qc7 12. 0-0-0 Nd5 13. g4 Bb4 14. h4 h6 15. a3 Ba5 16. h5 Bh7 17. Rhf1 0-0-0 18. Na4 Bxd2+ 19. Rxd2 N7b6 20. Nac3 Nf4 21. Qf2 Nxc4 22. Rdd1 0-1